|
|
|
|
| LEADER |
00000cam a2200000 7i4500 |
| 001 |
0000001024 |
| 005 |
20011023.0 |
| 020 |
0 |
0 |
|a 9798316320
|
| 090 |
0 |
0 |
|a R580
|b AUX 1997
|
| 245 |
0 |
0 |
|a AUXILIARY plants
|c editors, Faridah Hanum and L. J. G. van der Maesen
|
| 260 |
0 |
0 |
|a Bogor, Indonesia :
|b PROSEA ,
|c 1997
|
| 300 |
|
|
|a 389 p. :
|b ill., map ;
|c 26 cm.
|
| 440 |
0 |
0 |
|a Plant resources of South-East Asia ; n. 11
|
| 500 |
0 |
0 |
|a Bibliography : [p. 322-330] and index
|
| 650 |
0 |
0 |
|a Botany, Economic
|z Asia, Southeastern
|
| 650 |
0 |
0 |
|a Plants
|
| 700 |
0 |
1 |
|a Faridah Hanum Ibrahim
|
| 700 |
0 |
1 |
|a van der Maesen
|h L. J. G.
|
| 998 |
|
|
|a JPSM
|
| 999 |
|
|
|a 0000002546
|b Monograph
|c Reference
|e Default branch
|